Jeremy Renner Songs - Statistics

General Stats
  • This quiz has been taken 20 times
    16 since last reset
  • The average score is 23 of 28
Answer Stats
Answer % Correct
December Days
100%
Every Woman
100%
Live For Now
100%
Love And Titanium
100%
She's a Fire
100%
Sippy Cup
100%
Survive
100%
The Medicine
100%
Best Part of Me
89%
House of the Rising Sun
89%
Love Is a War
89%
Lucky Man
89%
Mmm Mmm Mmm Mmm
89%
Rebel On The Road
89%
Stereo Love
89%
The River
89%
Ghosts and Roses
78%
Lonesome Town
78%
Main Attraction
78%
Never Sorry
78%
Wait
78%
Heaven Don't Have a Name
67%
Nomad
67%
Believer
56%
Garden Of Stone
56%
The One
56%
Just My Type
33%
Sign
22%
No matching quizzes found
Score Distribution
Percent of People with Each Score
Percentile by Number Answered
Your Score History
You have not taken this quiz since the last reset